Statistics for Most Guessed Countries on JetPunk by Language

Click here to take the quiz!

General Stats

  • This quiz has been taken 356 times
  • The average score is 31 of 44

Answer Stats

# Language(s) Countries % Correct
9German, French, Italian, Dutch, Japanese, Latin, Russian, Swedish, TurkishGermany
98%
10+German, French, Italian, Spanish, Portuguese, Hebrew, Japanese, Russian, Swedish, Turkish, VietnameseUSA
97%
10+German, French, Italian, Spanish, Portuguese, Dutch, Hebrew, Japanese, Latin, Russian, VietnameseFrance
97%
6German, French, Italian, Spanish, Dutch, HebrewSpain
95%
10German, French, Italian, Portuguese, Dutch, Hebrew, Latin, Russian, Swedish, TurkishRussia
95%
10+German, French, Italian, Spanish, Dutch, Japanese, Latin, Russian, Swedish, Vietnamese, WelshItaly
94%
2Japanese, WelshJapan
91%
2Swedish, WelshSweden
90%
6French, Spanish, Portuguese, Hebrew, Japanese, WelshBrazil
90%
9German, French, Italian, Spanish, Portuguese, Dutch, Japanese, Russian, TurkishChina
90%
1TurkishTurkey
89%
4Spanish, Portuguese, Hebrew, TurkishMexico
88%
1DutchNetherlands
86%
2German, DutchPortugal
85%
1HebrewIsrael
85%
10+German, French, Italian, Spanish, Portuguese, Arabic, Dutch, Hebrew, Japanese, Latin, Russian, Swedish, Turkish, Vietnamese, WelshCanada
83%
1SwedishNorway
82%
3Russian, Turkish, VietnameseIran
82%
1VietnameseVietnam
81%
4Japanese, Latin, Russian, WelshIndia
80%
2Arabic, TurkishIraq
78%
3Spanish, Portuguese, LatinArgentina
78%
2Arabic, TurkishEgypt
78%
1SwedishFinland
77%
1DutchBelgium
75%
1SwedishDenmark
73%
6German, French, Italian, Portuguese, Latin, WelshAustralia
72%
1JapaneseSouth Korea
68%
1WelshIreland
68%
1LatinAustria
67%
1ArabicSyria
61%
1ArabicAlgeria
60%
3Spanish, Portuguese, VietnameseChile
60%
1RussianUkraine
59%
1ArabicMorocco
58%
1SwedishIceland
55%
1VietnameseLaos
50%
1ArabicOman
47%
1ArabicJordan
46%
1WelshSouth Africa
45%
1ArabicTunisia
40%
1VietnameseCuba
31%
1LatinRomania
22%
1WelshLesotho
1%

Score Distribution

Percentile by Number Answered

Percent of People with Each Score

Your Score History

You have not taken this quiz